Cartas marítimas / (Record no. 38711)

MARC details
000 -LEADER
campo de control de longitud fija 00588nam a2200193 i 4500
001 - NÚMERO DE CONTROL
campo de control 38711
003 - IDENTIFICADOR DE NÚMERO DE CONTROL
campo de control ES-MaACL
005 - FECHA Y HORA DE LA ÚLTIMA TRANSACCIÓN
campo de control 20250930063043.0
007 - CAMPO FIJO DE DESCRIPCIÓN FÍSICA--INFORMACIÓN GENERAL
campo de control de longitud fija t|
008 - DATOS DE LONGITUD FIJA--INFORMACIÓN GENERAL
campo de control de longitud fija 150917s1903 sp ||||1| spa d
100 1# - ENTRADA PRINCIPAL--NOMBRE DE PERSONA
Nombre de persona Ortiz del Barco, Juan,
Fechas asociadas al nombre 1859-1914
9 (RLIN) 87611
245 10 - MENCIÓN DEL TÍTULO
Título Cartas marítimas /
Mención de responsabilidad, etc. por Juan Ortiz del Barco.
260 ## - PUBLICACIÓN, DISTRIBUCIÓN, ETC.
Lugar de publicación, distribución, etc. Covadonga :
Nombre del editor, distribuidor, etc. Imprenta Particular del autor,
Fecha de publicación, distribución, etc. 1903.
300 ## - DESCRIPCIÓN FÍSICA
Extensión XII, 761 p. ;
Dimensiones 21 cm.
500 ## - NOTA GENERAL
Nota general En port.: Segunda tirada.
650 #4 - PUNTO DE ACCESO ADICIONAL DE MATERIA--TÉRMINO DE MATERIA
Término de materia o nombre geográfico como elemento de entrada Marina de guerra-
Subdivisión geográfica España.
9 (RLIN) 136467
852 ## - LOCALIZACIÓN
Ubicación ES-MaACL
Número de control de estantería G-13151
Holdings
Estatus retirado Estado de pérdida Estado de daño No para préstamo Biblioteca de origen Biblioteca actual Ubicación en estantería Fecha de adquisición Fuente de adquisición Total de préstamos Signatura topográfica completa Código de barras Visto por última vez Precio de reemplazo Tipo de ítem Koha
        Biblioteca del Ateneo de Madrid Biblioteca del Ateneo de Madrid Sala Pecera Planta 3 17/09/2015     G-13151 1194190 23/02/2023 23/02/2023 Libro impreso